000 00348pab a2200133 454500
008 180718b1988 xxu||||| |||| 00| 0 eng d
100 _aDavis, Peter
245 _aThe problem of co - operative management
260 _c1988
300 _a59-65
650 _aCooperative Societies
773 _aReview of International Co - operation
909 _a6689
999 _c6689
_d6689